¿ Sobrevivirá la izquierda? una reflexión sobre su crisis y el impacto de las elecciones de 2002 /
Se reflexiona sobre la situación y perspectivas de la izquierda en Costa Rica, en el entendido que para esta corriente política hay una situación enteramente distinta con respecto a la década de los años ochenta del pasado siglo y en años posteriores. Se considera que la crisis de la izquierda es un...
Gardado en:
| Autor Principal: | |
|---|---|
| Formato: | Texto |
| Materias: | |
| Etiquetas: |
Engadir etiqueta
Sen Etiquetas, Sexa o primeiro en etiquetar este rexistro!
|
MARC
| LEADER | 00000 a a2200000 04500 | ||
|---|---|---|---|
| 001 | 13678 | ||
| 003 | |||
| 040 | |||
| 100 | |a Salom E., Roberto | ||
| 245 | |a ¿ Sobrevivirá la izquierda? una reflexión sobre su crisis y el impacto de las elecciones de 2002 / |c Roberto Salom E. | ||
| 520 | |a Se reflexiona sobre la situación y perspectivas de la izquierda en Costa Rica, en el entendido que para esta corriente política hay una situación enteramente distinta con respecto a la década de los años ochenta del pasado siglo y en años posteriores. Se considera que la crisis de la izquierda es una crisis de vida o muerte, relacionada con una crisis de representatividad, misma en la que se encuentran prácticamente todos los partidos del espectro político. La de la izquierda es, sin embargo, más dramática porque empezó por ella, justamente porque tiene que ver directamente con la matriz ideológica que alimentó sus esperanzas | ||
| 650 | |a IDEOLOGIAS POLITICAS | ||
| 650 | |a PARTIDOS POLITICOS | ||
| 650 | |a ELECCIONES | ||
| 650 | |a COMPORTAMIENTO POLITICO | ||
| 650 | |a RELACIONES DE PODER | ||
| 650 | |a ANALISIS SOCIOLOGICO | ||
| 650 | |a COSTA RICA | ||
| 773 | |g volumen 83, número 1; páginas 9-19 | ||
| 999 | |c 22670 |d 22670 | ||
